Statistics for Countries voting against including Crimea resolution 2019

Click here to take the quiz!

General Stats

  • This quiz has been taken 35 times
  • The average score is 13 of 17

Answer Stats

HintAnswer% Correct
13Russia
100%
2Belarus
93%
6Iran
89%
15Syria
89%
16Venezuela
89%
1Armenia
86%
11North Korea
86%
5Cuba
82%
7Kazakhstan
82%
3Bolivia
71%
9Myanmar
68%
17Zimbabwe
64%
10Nicaragua
61%
14Serbia
61%
8Laos
57%
12Philippines
43%
4Burundi
39%

Score Distribution

Percentile by Number Answered

Percent of People with Each Score

Your Score History

You have not taken this quiz